Skittles flavors - Statistics

General Stats
  • This quiz has been taken 32 times
  • The average score is 5 of 20
Answer Stats
Answer % Correct
strawberry
93%
lemon
89%
orange
85%
lime
81%
grape
74%
sour apple
15%
sour lime
11%
kiwi lime
7%
mango tangelo
7%
pineapple passion fruit
7%
sour grape
7%
sour lemon
7%
sour orange
7%
strawberry starfruit
7%
banana berry
4%
chili berry
4%
cool raspberry
4%
juicy orange
4%
lemon tingle
4%
sour strawberry
4%
No matching quizzes found
Score Distribution
Percent of People with Each Score
Percentile by Number Answered
Your Score History
You have not taken this quiz